Learning Resource and Development

Software design (Record no. 7793)

MARC details
000 -LEADER
fixed length control field 00803nam a22002537a 4500
005 - DATE AND TIME OF LATEST TRANSACTION
control field 20230512222914.0
008 - FIXED-LENGTH DATA ELEMENTS--GENERAL INFORMATION
fixed length control field 190423t xxu||||| |||| 00| 0 eng d
020 ## - INTERNATIONAL STANDARD BOOK NUMBER
International Standard Book Number 9780815382768
040 ## - CATALOGING SOURCE
Transcribing agency CSPC
082 0# - DEWEY DECIMAL CLASSIFICATION NUMBER
Classification number 005.1
Item number C420s
100 ## - MAIN ENTRY--PERSONAL NAME
Personal name Chemuturi, Murali
Relator term author.
245 00 - TITLE STATEMENT
Title Software design
Remainder of title a comprehensive guide to software development projects
Statement of responsibility, etc. Murali Chemuturi
260 ## - PUBLICATION, DISTRIBUTION, ETC.
Place of publication, distribution, etc. Boca Raton:
Name of publisher, distributor, etc. CRC Press,
Date of publication, distribution, etc. 2018.
300 ## - PHYSICAL DESCRIPTION
Extent xix, 324 pages:
Other physical details figures, tables;
Dimensions 26 cm.
336 ## - CONTENT TYPE
Source rdacontent
Content type term text
337 ## - MEDIA TYPE
Source rdamedia
Media type term unmediated
338 ## - CARRIER TYPE
Source rdacarrier
Carrier type term volume
500 ## - GENERAL NOTE
General note Includes Index.
650 10 - SUBJECT ADDED ENTRY--TOPICAL TERM
Topical term or geographic name entry element Computer software
Form subdivision Development.
940 ## - EQUIVALENCE OR CROSS-REFERENCE--UNIFORM TITLE [OBSOLETE] [CAN/MARC only]
Uniform title <a href="Lenie">Lenie</a>
942 ## - ADDED ENTRY ELEMENTS (KOHA)
Koha item type
-- CIR 005.1 C420s 2018
Holdings
Withdrawn status Lost status Damaged status Not for loan Home library Current library Shelving location Date acquired Total Checkouts Full call number Barcode Date last seen Copy number Price effective from Koha item type
        Main Library Main Library Circulation Section 05/12/2023   CIR 005.1 C420s 2018 020167 05/12/2023 1-1 05/12/2023 Books